000 00618nam a22001937a 4500
005 20251108175252.0
008 250721s2013 xx 000 0 ara d
082 1 4 _a657.4/طحل
100 1 _aالطحلة، حامد داود علي
245 1 0 _aمحاسبة المقاولات (بين النظرية و التطبيق) /
264 1 _aعمان :
_bدار اليازوري العلمية للنشر،
_c2013.
300 _a191ص.
650 1 7 _aالمحاسبة
650 1 7 _aالتكاليف
650 1 7 _aالانشاءات
700 1 _aعبد الله، خالد
942 _2ddc
_cBK
999 _c130142
_d130142